[Event "HUN-chT2 Erkel 1011"]
[Site "Hungary"]
[Date "2010.11.07"]
[Round "5.9"]
[White "Zoltan, Andras"]
[Black "Leidl, Istvan Jr"]
[Result "1/2-1/2"]
[WhiteElo "1977"]
[BlackElo "1945"]
[PlyCount "84"]
[EventDate "2010.09.12"]
[EventType "team-tourn"]
[EventRounds "11"]
[EventCountry "HUN"]
[SourceTitle "EXT 2012"]
[Source "ChessBase"]
[SourceDate "2011.11.24"]
[SourceVersion "1"]
[SourceVersionDate "2011.11.24"]
[SourceQuality "1"]
[WhiteTeam "Honved"]
[BlackTeam "Dunaharaszti II"]
[WhiteTeamCountry "HUN"]
[BlackTeamCountry "HUN"]

1. e4 c5 2. Nf3 e6 3. d3 Nc6 4. g3 d6 5. Bg2 Nf6 6. 0-0 Be7 7. Re1 0-0 8. c3 Qc7 9. Na3 a6 10. Nc2 b5 11. Bf4 Bb7 12. e5 Nd7 13. d4 Rfd8 14. exd6 Bxd6 15. Bxd6 Qxd6 16. Ng5 Nf6 17. dxc5 Qxc5 18. Qc1 Rd7 19. Ne4 Nxe4 20. Bxe4 Rad8 21. Qe3 Qxe3 22. Nxe3 Ne5 23. Bxb7 Rxb7 24. Re2 Rbd7 25. f4 Nc6 26. Kf2 g6 27. Ng4 Kg7 28. Ne5 Rd6 29. Nxc6 Rxc6 30. Rae1 Rd7 31. Re3 h6 32. Re4 Rc5 33. Re5 Rc4 34. R5e4 Rc8 35. Re5 Kf6 36. h4 h5 37. Kf3 Rd3+ 38. R5e3 Rd2 39. R1e2 Rd1 40. Re1 Rd2 41. R1e2 Rd1 42. Re1 Rd2 1/2-1/2

[Event "HUN-chT2 Breyer 0809"]
[Site "Hungary"]
[Date "2008.11.02"]
[Round "2"]
[White "Dibusz, Ferenc"]
[Black "Leidl, Istvan Jr"]
[Result "1-0"]
[WhiteElo "2183"]
[BlackElo "2043"]
[PlyCount "93"]
[EventDate "2008.10.26"]
[EventType "tourn"]
[EventRounds "11"]
[EventCountry "HUN"]
[SourceTitle "EXT 2010"]
[Source "ChessBase"]
[SourceDate "2010.11.25"]
[SourceVersion "1"]
[SourceVersionDate "2010.11.25"]
[SourceQuality "1"]
[WhiteTeam "Geniusz Tata"]
[BlackTeam "Dunaharaszti II"]
[WhiteTeamCountry "HUN"]
[BlackTeamCountry "HUN"]

1. d4 Nf6 2. Nf3 d5 3. Bf4 Bf5 4. e3 e6 5. Bd3 Bxd3 6. Qxd3 Bd6 7. Bg3 0-0 8. Nbd2 c5 9. c3 Nc6 10. 0-0 Re8 11. dxc5 Bxc5 12. b4 Bd6 13. Rfd1 Bxg3 14. hxg3 Rc8 15. Rac1 e5 16. e4 d4 17. cxd4 exd4 18. b5 Ne5 19. Rxc8 Nxd3 20. Rxd8 Rxd8 21. Nc4 Nc5 22. e5 Nfe4 23. Rxd4 Rxd4 24. Nxd4 Nc3 25. a3 Ne6 26. Nxe6 fxe6 27. Nd6 a6 28. b6 Nd5 29. Nxb7 Nxb6 30. Nc5 Kf7 31. Nxa6 Nc4 32. a4 Nxe5 33. Nb4 Ke7 34. f4 Nc4 35. Kf2 Kd6 36. Kf3 Kc5 37. Nc2 Nb6 38. a5 Nc4 39. a6 Kb6 40. Ke4 Nd6+ 41. Ke5 Nf5 42. g4 Nh4 43. g3 Nf3+ 44. Kxe6 Nh2 45. g5 Nf1 46. g4 Nh2 47. Ne3 1-0

[Event "HUN-chT2 Breyer 0203"]
[Site "Hungary"]
[Date "2003.02.16"]
[Round "7"]
[White "Leidl, Istvan Jr"]
[Black "Brassoi Tarnovszki, Aurel"]
[Result "1/2-1/2"]
[WhiteElo "2004"]
[BlackElo "1827"]
[PlyCount "41"]
[EventDate "2002.09.22"]
[EventType "team-tourn"]
[EventRounds "11"]
[EventCountry "HUN"]
[SourceTitle "EXT 2009"]
[Source "ChessBase"]
[SourceDate "2008.11.26"]
[SourceVersion "1"]
[SourceVersionDate "2008.11.26"]
[SourceQuality "1"]

1. d4 Nf6 2. Nf3 g6 3. g3 d6 4. Bg2 Bg7 5. 0-0 0-0 6. c4 c5 7. Nc3 a6 8. e3 Qc7 9. d5 Bg4 10. Qc2 Nbd7 11. Bd2 Bxf3 12. Bxf3 Rab8 13. Be2 Nb6 14. e4 Nfd7 15. a4 e5 16. Nd1 Nc8 17. Ne3 Ne7 18. g4 f6 19. Kh1 Bh6 20. Rg1 Bf4 21. Nf1 1/2-1/2

[Event "HUN-chT2 Breyer 0203"]
[Site "Hungary"]
[Date "2003.01.19"]
[Round "5"]
[White "Leidl, Istvan Jr"]
[Black "Sandor, Viktor"]
[Result "1/2-1/2"]
[WhiteElo "2004"]
[BlackElo "1884"]
[PlyCount "91"]
[EventDate "2002.09.22"]
[EventType "team-tourn"]
[EventRounds "11"]
[EventCountry "HUN"]
[SourceTitle "EXT 2009"]
[Source "ChessBase"]
[SourceDate "2008.11.26"]
[SourceVersion "1"]
[SourceVersionDate "2008.11.26"]
[SourceQuality "1"]

1. d4 Nf6 2. c4 g6 3. Nc3 d5 4. Nf3 Bg7 5. e3 0-0 6. Qb3 c6 7. a4 e6 8. a5 dxc4 9. Bxc4 Nd5 10. Bd2 Nd7 11. 0-0 b5 12. axb6 N7xb6 13. Be2 Re8 14. e4 Nc7 15. Be3 Qe7 16. Ra3 Nd7 17. Qc2 a6 18. Rfa1 Bb7 19. e5 Nb5 20. Nxb5 cxb5 21. Qc7 Rab8 22. Qc1 Rec8 23. Qd2 Nb6 24. Rc3 Nd5 25. Rxc8+ Rxc8 26. Bg5 Qd7 27. Rc1 Rxc1+ 28. Qxc1 Qc6 29. Qxc6 Bxc6 30. Nd2 h6 31. Bd8 g5 32. Nb3 Nf4 33. Bf1 Bf8 34. Nc5 Bxc5 35. dxc5 Nd5 36. f3 Nf4 37. Kf2 Kf8 38. Bc7 Ke8 39. g3 Nd5 40. Bd6 a5 41. Be2 b4 42. Bc4 a4 43. Ke2 a3 44. bxa3 bxa3 45. Kd2 Nb4 46. Kc3 1/2-1/2

[Event "HUN-chT2 Breyer 0203"]
[Site "Hungary"]
[Date "2002.11.24"]
[Round "3"]
[White "Hoang, Tri"]
[Black "Leidl, Istvan Jr"]
[Result "1-0"]
[WhiteElo "2099"]
[BlackElo "2065"]
[PlyCount "61"]
[EventDate "2002.09.22"]
[EventType "team-tourn"]
[EventRounds "11"]
[EventCountry "HUN"]
[SourceTitle "EXT 2009"]
[Source "ChessBase"]
[SourceDate "2008.11.26"]
[SourceVersion "1"]
[SourceVersionDate "2008.11.26"]
[SourceQuality "1"]

1. d4 Nf6 2. Bg5 Ne4 3. Bf4 d5 4. e3 Bf5 5. f3 Nd6 6. Nd2 e6 7. c4 dxc4 8. Bxd6 Bxd6 9. Bxc4 Qh4+ 10. Kf1 Nd7 11. f4 Nf6 12. Ngf3 Qh6 13. Ne5 0-0 14. Qf3 Bb4 15. g4 Bxg4 16. Nxg4 Nxg4 17. Qxg4 Bxd2 18. Ke2 Bb4 19. Rag1 g6 20. h4 Kh8 21. h5 gxh5 22. Rxh5 Qg6 23. Qxg6 fxg6 24. Rxg6 Rae8 25. Rgh6 Re7 26. Bxe6 Rfe8 27. f5 Bd6 28. d5 c6 29. f6 Rxe6 30. Rxh7+ Kg8 31. Rg7+ 1-0

[Event "HUN-chT2 Breyer 0203"]
[Site "Hungary"]
[Date "2002.10.13"]
[Round "2"]
[White "Leidl, Istvan Jr"]
[Black "Farkas, Laszlo"]
[Result "0-1"]
[WhiteElo "2004"]
[BlackElo "2147"]
[PlyCount "126"]
[EventDate "2002.09.22"]
[EventType "team-tourn"]
[EventRounds "11"]
[EventCountry "HUN"]
[SourceTitle "EXT 2009"]
[Source "ChessBase"]
[SourceDate "2008.11.26"]
[SourceVersion "1"]
[SourceVersionDate "2008.11.26"]
[SourceQuality "1"]

1. d4 Nf6 2. c4 e6 3. Nf3 b6 4. Bg5 h6 5. Bh4 Bb7 6. e3 Na6 7. a3 c5 8. Nc3 g5 9. Bg3 Nc7 10. Rc1 Rc8 11. h3 a6 12. Qb3 Na8 13. Na4 Ne4 14. Bh2 d6 15. Rd1 Qc7 16. Bd3 b5 17. Bxe4 Bxe4 18. Nc3 bxc4 19. Qxc4 Bxf3 20. gxf3 Qb7 21. Qa4+ Qc6 22. Qxc6+ Rxc6 23. dxc5 dxc5 24. Be5 Rg8 25. Ne4 Be7 26. Ke2 f5 27. Nc3 Nb6 28. b3 Kf7 29. Rd2 Rd8 30. Rxd8 Bxd8 31. Rd1 Be7 32. Rd2 a5 33. Rd1 c4 34. bxc4 Nxc4 35. Bh8 Rc8 36. Bd4 e5 37. Ba7 Nxa3 38. Nd5 Bd6 39. e4 Nb5 40. Bb6 a4 41. Ba5 Nd4+ 42. Kf1 Nxf3 43. Nb6 Rc6 44. Nxa4 f4 45. Nc3 Nd4 46. Rb1 Ra6 47. Bb6 Ne6 48. Kg2 Kg6 49. Nd5 Ra2 50. Rd1 Bf8 51. Nc3 Rc2 52. Nd5 h5 53. Kf3 Rc4 54. Rg1 Rc2 55. Re1 g4+ 56. hxg4 Ng5+ 57. Kg2 hxg4 58. Ba7 Rd2 59. Nc3 Nf3 60. Rb1 Rd3 61. Rc1 Nh4+ 62. Kh2 Rh3+ 63. Kg1 Nf3+ 0-1

[Event "Alfoeld Cup op"]
[Site "Hajduszoboszlo"]
[Date "2000.08.26"]
[Round "9"]
[White "Leidl, Istvan Jr"]
[Black "Leviczki, Tibor"]
[Result "1/2-1/2"]
[WhiteElo "2084"]
[BlackElo "2123"]
[PlyCount "63"]
[EventDate "2000.08.??"]
[EventType "swiss"]
[EventRounds "9"]
[EventCountry "HUN"]
[SourceTitle "EXT 2004"]
[Source "ChessBase"]
[SourceDate "2003.11.25"]
[SourceVersion "1"]
[SourceVersionDate "2003.11.25"]
[SourceQuality "1"]

1. e4 c5 2. Nf3 e6 3. d4 cxd4 4. Nxd4 Nf6 5. Bd3 Nc6 6. Nf3 d5 7. exd5 Nxd5 8. a3 Be7 9. 0-0 0-0 10. c4 Nc7 11. Qc2 f5 12. Re1 Bf6 13. Bf4 g5 14. Bxc7 Qxc7 15. Nc3 g4 16. Nd2 Qg7 17. Rab1 Nd4 18. Qd1 Bd7 19. Nb5 Nxb5 20. cxb5 Bxb2 21. Nc4 Bd4 22. Ne3 Kh8 23. Bf1 Rad8 24. Qe2 Rg8 25. g3 Bc8 26. Red1 e5 27. Nc2 Bb6 28. Rxd8 Rxd8 29. Rd1 Be6 30. Rxd8+ Bxd8 31. Qd3 Qd7 32. Qe3 1/2-1/2